Use only approved letting agents (Record no. 64046)

MARC details
000 -LEADER
fixed length control field 00897cam a2200205 4500
001 - CONTROL NUMBER
control field WB3627-15
008 - FIXED-LENGTH DATA ELEMENTS--GENERAL INFORMATION
fixed length control field 000000n2000 000 0 eng u
035 ## - SYSTEM CONTROL NUMBER
System control number (Sirsi) u107101
245 ## - TITLE STATEMENT
Title Use only approved letting agents
260 ## - PUBLICATION, DISTRIBUTION, ETC.
Date of publication, distribution, etc. 2000
490 ## - SERIES STATEMENT
Series statement Estate Agent
Volume/sequential designation June/July 2000 4-5(2)
520 ## - SUMMARY, ETC.
Summary, etc. With a dramatic increase in the private rented sector predicted, tenants and landlords are urged to use a reputable agent. The National Approved Letting Scheme, a collaboration involving the RICS, says an approved agent will ensure the whole let is unproblematic and financially sound. To promote this a free factsheet and website for consumers is available.
590 ## - LOCAL NOTE (RLIN)
Local note WB
650 ## - SUBJECT ADDED ENTRY--TOPICAL TERM
Topical term or geographic name entry element NATIONAL APPROVED LETTING SCHEME
650 ## - SUBJECT ADDED ENTRY--TOPICAL TERM
Topical term or geographic name entry element LETTING AGENTS
650 ## - SUBJECT ADDED ENTRY--TOPICAL TERM
Topical term or geographic name entry element PRIVATE RENTED SECTOR
650 ## - SUBJECT ADDED ENTRY--TOPICAL TERM
Topical term or geographic name entry element RESIDENTIAL LETTINGS
690 ## - LOCAL SUBJECT ADDED ENTRY--TOPICAL TERM (OCLC, RLIN)
Topical term or geographic name as entry element HOUSING-PRIVATE RENTED SECTOR
942 ## - ADDED ENTRY ELEMENTS (KOHA)
Suppress in OPAC 0
Holdings
Withdrawn status Lost status Source of classification or shelving scheme Damaged status Not for loan Home library Current library Shelving location Date acquired Total Checkouts Full call number Barcode Date last seen Copy number Price effective from Koha item type
    Dewey Decimal Classification     London London News article 12/07/2000   WB3627-15 107101-1001 06/08/2019 1 06/08/2019 News article